| 000 | 00494cam a2200145 4500500 | ||
|---|---|---|---|
| 005 | 20260111103322.0 | ||
| 041 | _afre | ||
| 042 | _adc | ||
| 100 | 1 | 0 |
_aMarmet, Carole _eauthor |
| 245 | 0 | 0 | _aLe quartier Picassiette, par Patrick Macquaire (L’Harmattan, 2009, 183 p.) |
| 260 | _c2010. | ||
| 500 | _a1 | ||
| 786 | 0 | _nLe Sociographe | 32 | 2 | 2010-05-01 | p. 104f-121f | 1297-6628 | |
| 856 | 4 | 1 | _uhttps://shs.cairn.info/revue-le-sociographe-2010-2-page-104f?lang=fr&redirect-ssocas=7080 |
| 999 |
_c1630187 _d1630187 |
||